000 00901nam a2200265 i 4500
001 113807
003 ES-MaACL
005 20251202150952.0
007 t|
008 061121s1906 sp aco |||| |bspa d
080 _a929 Larra, Mariano José de
100 1 _aNombela y Campos, Julio,
_d1866-1908
_985933
245 1 0 _aLarra (Fígaro) /
_cpor Julio Nombela y Campos.
260 _aMadrid :
_bCasa Editorial,
_c1906 (
_fImp. particular de La Última Moda)
300 _a290 p. :
_bil., grab. ;
_c18 cm.
490 1 _aAutores célebres
530 _aDisponible en formato digital.
599 _aCon retr. y fot.
600 1 4 _aLarra, Mariano José de,
_d1809-1837
_970287
830 0 _aAutores célebres
_9184380
852 _aES-MaACL
_jD-1265
_cSVI
856 4 _uhttp://www.archive.org/details/larrafigaro00nombuoft
_yIr a la página
942 _2udc
999 _c113807
_d113807